Normal view
MARC view
- Sayyada Humaira Batoo
Entry Personal Name
001 - CONTROL NUMBER
- control field: 70171
003 - CONTROL NUMBER IDENTIFIER
- control field: NUST
005 - DATE AND TIME OF LATEST TRANSACTION
- control field: 20210628204408.0
008 - FIXED-LENGTH DATA ELEMENTS
- fixed length control field: 210628|| aca||aabn | a|a d
040 ## - CATALOGING SOURCE
- Original cataloging agency: NUST
- Transcribing agency: NUST
100 ## - HEADING--PERSONAL NAME
- Personal name: Sayyada Humaira Batoo
670 ## - SOURCE DATA FOUND
- Source citation: Work cat.: (NUST): Sayyada Humaira Batoo, TH-SOF-1299-Cross Sectional Survey Based Intelligent Framework for the Diagnosis of Frozen Shoulder, 2016
